书目信息 |
| 题名: |
无穷的困惑
|
|
| 作者: | 许纪霖 著 | |
| 分册: | ||
| 出版信息: | 北京 生活·读书·新知三联书店 2018.01 |
|
| 页数: | 289页 | |
| 开本: | 23cm | |
| 丛书名: | 许纪霖作品集 | |
| 单 册: | ||
| 中图分类: | D663.5 | |
| 科图分类: | ||
| 主题词: | 知识分子--研究--中国--现代 | |
| 电子资源: | ||
| ISBN: | 978-7-108-05902-4 | |
| 000 | 00851oam2 2200253 450 | |
| 001 | 0108153911 | |
| 005 | 20210308154403.0 | |
| 010 | @a978-7-108-05902-4@dCNY45.00 | |
| 100 | @a20180612d2018 em y0chiy50 ea | |
| 101 | 0 | @achi |
| 102 | @aCN@b110000 | |
| 105 | @ay z 000yy | |
| 106 | @ar | |
| 200 | 1 | @a无穷的困惑@Awu qiong de kun huo@e黄炎培、张君劢与现代中国@f许纪霖著 |
| 210 | @a北京@c生活·读书·新知三联书店@d2018.01 | |
| 215 | @a289页@d23cm | |
| 225 | 2 | @a许纪霖作品集 |
| 330 | @a本书共分5部分,采用传记的体裁,呈现了黄炎培与张君劢两位近代知识者的形象,从而揭示那样一个时代氛围下知识者内在的精神世界与外在的行为选择。 | |
| 461 | 0 | @12001 @a许纪霖作品集 |
| 606 | 0 | @a知识分子@x研究@y中国@z现代 |
| 690 | @aD663.5@v5 | |
| 701 | 0 | @a许纪霖@Axu ji lin@4著@f(1957-) |
| 801 | 0 | @aCN@bBJSZM@c20210308 |
| 905 | @b1272462-6@dD663.5@e263@f5 | |
| 无穷的困惑:黄炎培、张君劢与现代中国/许纪霖著.-北京:生活·读书·新知三联书店,2018.01 |
| 289页;23cm.-(许纪霖作品集) |
| ISBN 978-7-108-05902-4:CNY45.00 |
| 本书共分5部分,采用传记的体裁,呈现了黄炎培与张君劢两位近代知识者的形象,从而揭示那样一个时代氛围下知识者内在的精神世界与外在的行为选择。 |
| ● |
| 相关链接 |
|
|
|
|
正题名:无穷的困惑
索取号:D663.5/263
 
预约/预借
| 序号 | 登录号 | 条形码 | 馆藏地/架位号 | 状态 | 备注 |
| 1 | 1272462 | 212724621 | 第一样本阅览室/ [索取号:D663.5/263] | 在馆 | |
| 2 | 1272463 | 212724630 | 教育系资料室/ [索取号:D663.5/263] | 在馆 | |
| 3 | 1272464 | 212724649 | 教育系资料室/ [索取号:D663.5/263] | 在馆 | |
| 4 | 1272465 | 212724658 | 第一借阅区/ [索取号:D663.5/263] | 在馆 | |
| 5 | 1272466 | 212724667 | 第一借阅区/ [索取号:D663.5/263] | 在馆 |